| 000 | 00696nam a22002057a 4500 | ||
|---|---|---|---|
| 005 | 20130724144111.0 | ||
| 008 | 120810s2010 ck ab gr 000 0 spa d | ||
| 020 | _a9789587221046 | ||
| 041 | _aspa | ||
| 044 | _ack | ||
| 082 | 0 | 4 |
_a635.977 _bM294m |
| 245 | 0 | 0 |
_aManual de silvicultura urbana de Pereira _cfot. Dorian Ruíz Penagos ... [et al.] |
| 260 |
_aPereira _bAlcaldía de Pereira _bUniversidad Tecnológica e Pereira _c2010 |
||
| 300 |
_a172 p. _bil., mapas _c24 cm. |
||
| 504 | _aIncluye referencias bibliográficas y glosario | ||
| 650 | 1 | 7 |
_aSilvicultura _zPereira _9987 |
| 650 | 1 | 7 |
_aDesarrollo forestal _zPereira _9988 |
| 700 | 1 |
_aRuíz Penagos, Dorian _eil. _9989 |
|
| 942 |
_2ddc _cIMPRESO |
||
| 999 |
_c7458 _d7458 |
||